000 00626nam a2200133Ia 4500
008 171212s9999 xx 000 0 und d
020 _a9780833031440
100 _aCragin, Kim;Hoffman, Bruce;Berends, Mark;Williamson, Stephanie;Sorensen, Paul
245 _cCragin, Kim;Hoffman, Bruce;Berends, Mark;Williamson, Stephanie;Sorensen, Paul
_aArms Trafficking and Colombia
260 _bRAND Corporation
_c2003
650 _aIllegal arms transfers -- Colombia; Arms transfers -- Colombia; Arms control; Violence -- Colombia; Insurgency -- Colombia
650 _aPolitical Science
856 _uwww.jstor.org/stable/10.7249/mr1468dia
999 _c351747
_d351747